| 000 | 00764nam a2200241 i 4500 | ||
|---|---|---|---|
| 001 | 8500 | ||
| 003 | ES-MaACL | ||
| 005 | 20250814071222.0 | ||
| 007 | t| | ||
| 008 | 920709s1991 sp ||||1| spa d | ||
| 020 | _a84-7738-110-0 | ||
| 080 | _a915 | ||
| 100 | 1 |
_aVinuesa Angulo, Julio. _9115345 |
|
| 245 | 1 | 4 |
_aLos Procesos de urbanización / _cJulio Vinuesa Angulo, María Jesús Vidal Domínguez. |
| 260 |
_aMadrid : _bSíntesis, _cD.L. 1991. |
||
| 300 |
_a205 p. : _bil. ; _c22 cm. |
||
| 490 | 1 |
_aEspacios y sociedades ; _v13 |
|
| 650 | 1 | 7 |
_aGeografía urbana _2embne _913085 |
| 700 | 1 |
_aVidal Domínguez, María Jesús. _9114482 |
|
| 830 | 0 |
_aEspacios y sociedades ; _v13 _9178169 |
|
| 852 |
_aES-MaACL _jL-15893 _bR.120588 |
||
| 999 |
_c8500 _d8500 |
||